000 02604 a2200421 4500
003 BJBSDDR
005 20251017121227.0
007 ta
008 250924s2022 sp 00| 0 spa d
020 _a9788430625529
020 _a8430625526
040 _bspa
_cBJBSDDR
041 _aspa
_heng
050 1 4 _aHB 615
_bM478e 2022
100 1 _aMazzucato, Mariana,
_d1968-
_935060
240 1 0 _aEntrepreneurial state.
_lEspañol
245 1 3 _aEl Estado emprendedor :
_bla oposición público-privado y sus mitos /
_cMariana Mazzucato ; traducción de Javier Sanjulián y Anna Solé.
260 _aBarcelona :
_bPenguin Random House Grupo Editorial,
_c2022.
300 _a356 páginas ;
_c24 cm.
490 1 _aEconomía
500 _aTítulo original: The entrepreneurial state : debunking public vs. private sector myths.
500 _aIncluye indice alfabético y de nombres.
504 _aIncluye referencias bibliográficas: página 273.
520 _aCon numerosos ejemplos, Mazzucato explica cómo, sin el papel crucial de los fondos públicos, el iPhone no sería tan inteligente, ni habrían tenido lugar muchos de los más importantes avances farmacéuticos o en las energías renovables. El sector privado solo encuentra el coraje para invertir después de que un Estado emprendedor haya realizado las inversiones de alto riesgo, y los «genios de la innovación», tan dados a las quejas por las trabas administrativas y fiscales, son en realidad beneficiarios privilegiados de las inversiones públicas en el desarrollo de nuevas tecnologías.Al no admitir el verdadero papel del Estado, hemos terminado creando un «sistema de innovación» en el que el sector público socializa los riesgos mientras las recompensas se privatizan. Mazzucato propone ideas para cambiar esta dinámica disfuncional, reformulando los parámetros del tradicional debate Estado versus sector privado de manera que ambas partes resulten beneficiadas
650 4 _aEmprendimiento
_9379
650 4 _aEmprendimiento
_xPolítica gubernamental
_939274
650 4 _aAdministración de empresas
_xInnovaciones tecnológicas
_91966
650 4 _aDesarrollo industrial
_94233
650 4 _aInnovaciones tecnológicas
_xPolítica gubernamental
_931801
650 4 _aInvestigación industrial
_929918
650 4 _aDifusión de innovaciones
_92507
650 4 _aDesarrollo económico y estado
_939278
700 1 _aSanjulián Arrupe, Javier
_939276
_etraductor
700 1 _aSolé, Anna
_939277
_etraductora
830 0 _aEconomía (Taurus)
_921684
942 _2lcc
_cBK
946 _irmza
999 _c124052
_d124052